<?xml version="1.0" encoding="UTF-8"?>
<marc:record xmlns:marc="http://www.loc.gov/MARC21/slim">
   <marc:leader>00000nam a2200000 a 4500</marc:leader>
   <marc:datafield ind1="1" ind2=" " tag="100">
      <marc:subfield code="a">Maas, Sarah J.</marc:subfield>
      <marc:subfield code="4">aut</marc:subfield>
      <marc:subfield code="e">Verfasser/-in</marc:subfield>
   </marc:datafield>
   <marc:datafield ind1=" " ind2=" " tag="653">
      <marc:subfield code="a">Flucht</marc:subfield>
   </marc:datafield>
   <marc:datafield ind1=" " ind2=" " tag="653">
      <marc:subfield code="a">Käfig</marc:subfield>
   </marc:datafield>
   <marc:datafield ind1=" " ind2=" " tag="653">
      <marc:subfield code="a">Dunkle Königin</marc:subfield>
   </marc:datafield>
   <marc:datafield ind1=" " ind2=" " tag="653">
      <marc:subfield code="a">Prinz Rowan</marc:subfield>
   </marc:datafield>
   <marc:datafield ind1=" " ind2=" " tag="653">
      <marc:subfield code="a">Königreich Evilea</marc:subfield>
   </marc:datafield>
   <marc:datafield ind1="0" ind2="0" tag="245">
      <marc:subfield code="a">Herrscherin über Asche und Zorn</marc:subfield>
   </marc:datafield>
   <marc:datafield ind1=" " ind2="1" tag="264">
      <marc:subfield code="b">dtv</marc:subfield>
      <marc:subfield code="c">2022</marc:subfield>
   </marc:datafield>
   <marc:datafield ind1="1" ind2=" " tag="490">
      <marc:subfield code="a">Throne of Glass</marc:subfield>
   </marc:datafield>
   <marc:datafield ind1="1" ind2=" " tag="520">
      <marc:subfield code="a">Aelin alias Celaena wird von der Dunklen Königin gefangen gehalten. Eingesperrt in einem Käfig an einem geheimen Ort scheint eine Flucht unmöglich zu sein. Während Prinz Rowan die halbe Welt nach seiner verlorenen Liebe absucht, versuchen Aedion und Gestaltenwandlerin Lysandra, ihre Heimat - nun ohne die Macht und den Schutz ihrer Königin - mit allen Mitteln zu verteidigen. Alte Bündnisse werden gebrochen, neue geschmiedet und gestärkt. Alles läuft auf die letzte große Schlacht hinaus, die Aelin Feuerherz und ihre Gefährten für sich entscheiden müssen, um Erilea vor der Herrschaft der Dämonen zu bewahren.</marc:subfield>
   </marc:datafield>
   <marc:datafield ind1=" " ind2=" " tag="020">
      <marc:subfield code="a">9783423718202</marc:subfield>
      <marc:subfield code="9">9783423718202</marc:subfield>
   </marc:datafield>
</marc:record>
